00378nam a2200157Ia 4500001000900000003000500009005001700014008004100031010001100072040000900083082001500092100002000107245003600127260003800163300001900201dia_1289CHAP20230126115516.0220117s1948 xx 000 0 und d a171827 cCHAP a574.19 B24 aBaldwin, Ernest aDynamic Aspects of Biochemistry aNew York, the Macmillan CO.c1948 a456 pp. tabls.